Jatka lauluja 2 - Statistics

Yleistilastot
  • Tätä visaa on pelattu 96 kertaa
  • Keskiarvotulos 4 / 10
Vastaustilastot
Lause Sana % Oikein
Luotan sydämen ääneen, luotan rohkeuteen. Elän silloin ____ ihanasti
59%
Nyt ettei siitä riitä kertojaksi ____ taulut
56%
Minut jätti hän, mun kuuli lähtevän. Muualta nyt ____ etsin
52%
Siinä tuhiset ja puhkut pelkkää voimaa ____ uhkuen
52%
Minun piti viedä, mutta Doris veikin minut. Ja ____ hetken
47%
Aamuhun yön tähdet haipuu, idässä pian ____ ruskottaa
41%
Halki aavikon jäisen rämmin kunnes ____ havahdun
23%
Limppuunkaan ei riitä puhdasta ruista, jauho on sekoitettu ____ Kainuun
19%
Viekää te maat ja viekää te veet. Viekää te ____ ruskat
8%
Yksinäinen tinasotamies, kaatunut on nurkkaan ____ kammarin
6%
Ehtoja vastaavia visoja ei löytynyt
Tulosjakauma
Jokaisen tuloksen saaneiden osuus
Persentiili vastausten määrän mukaan
Tuloshistoriasi
Et ole pelannut tätä visaa